00430 2200169 4500001002100000008004100021035002000062245003900082100001300121260002800134300002400162020002200186084001400208082000800222650001500230990001500245INLIS000000000003316 ind  a0010-1225000137 aTeka-Teki KosmikcNeil Degrasse T. aT., Neil aJakartabGramediac2024 a299 hlmc17 x 25 cm a978-623-134-229-4 a520 NEI T a520 aIlmu Murni a19827/B/26